[Event "Troisdorf op"]
[Site "Troisdorf"]
[Date "2006.11.07"]
[Round "3"]
[White "Lingenover, Nico"]
[Black "Kamphausen, Johannes Dieter"]
[Result "1/2-1/2"]
[WhiteElo "1600"]
[BlackElo "1808"]
[PlyCount "55"]
[EventDate "2006.10.24"]
[EventType "swiss"]
[EventRounds "7"]
[EventCountry "GER"]
[SourceTitle "EXT 2011"]
[Source "ChessBase"]
[SourceDate "2010.11.26"]
[SourceVersion "1"]
[SourceVersionDate "2010.11.26"]
[SourceQuality "1"]

1. e4 c5 2. Nf3 e6 3. d4 cxd4 4. Nxd4 a6 5. Nc3 Qc7 6. Be2 b5 7. a3 Bb7 8. 0-0 Nf6 9. Bd3 Nc6 10. Nxc6 Bxc6 11. Be3 Rd8 12. f4 d5 13. exd5 Nxd5 14. Nxd5 Bxd5 15. Qe2 Be7 16. Rac1 0-0 17. c4 bxc4 18. Bxc4 Bxc4 19. Rxc4 Qb7 20. Rfc1 Rc8 21. b4 Rxc4 22. Qxc4 Rd8 23. Qc7 Qe4 24. Kf2 Bf6 25. Qc6 Qd3 26. Qc4 Qxa3 27. Rc2 Qa4 28. Ra2 1/2-1/2